01766nam a22001577a 450000500170000000800410001702000180005805000230007610000030009924500600010225000120016226000480017430000250022250000200024750513410026720251124102409.0251124b ||||| |||| 00| 0 eng d a9780199217700 aKZ3225.B76 A37(7e)  aPrinciples of public international law /cIan Brownlie. a7th ed. aNew York :bOxford University Press,c2008. ali, 784 p. :c26 cm. aIncludes index. aContents: Sources of the law -- The relation of municipal and international law -- Subjects of the law -- Incidence and continuity of statehood -- Recognition of states and governments -- Territorial sovereignty -- The creation and transfer of territorial sovereignty -- Status of territory: further problems -- Territorial sea, contiguous zones, and exclusive economic zones -- The continental shelf: delimitation of shelf areas and exclusive economic zones -- The regime of the high seas -- Common amenities and co-operation in the use of resources -- Legal aspects of the protection of the environment -- Sovereignty and equality of states -- Jurisdictional competence -- Privileges and immunities of foreign states -- Diplomatic and consular relations -- Reservations from territorial sovereignty -- The relations of nationality -- Some rules of attribution: corporations and specific assets -- The responsibility of states -- The admissibility of state claims -- A system of multilateral public order: some incidents of illegality and the concepts of jus cogens -- Injury to the persons and property of aliens on the state territory -- The protection of individuals and groups: human rights and self-determination -- International criminal justice -- The law of justice -- Other transactions including agency and representation.